[Event "The Dragon for the experts"]
[Site "SchemingMind.com"]
[Date "2008.05.20"]
[Round "-"]
[White "Goran"]
[Black "the-best"]
[Result "1-0"]
[WhiteCountry "ITA"]
[BlackCountry "SWE"]
[WhiteElo "2546"]
[WhiteRD "72"]
[BlackElo "2000"]
[BlackRD "90"]
[GameID "155129"]

1. e4 c5 2. Nf3 d6 3. d4 cxd4 4. Nxd4 Nf6 5. Nc3 g6 6. Be3 Bg7 7. f3 Nc6 8. Qd2 O-O 9. O-O-O d5 10. exd5 Nxd5
11. Nxc6 bxc6 12. Nxd5 cxd5 13. Qxd5 Qc7 14. Qc5 Qb7 15. b3 Bf5 16. Bd3 Rac8 17. Qa5 Rc3 18. Bxf5 Rxe3 19. Be4 Qb8 20. g3 Qc8
21. g4 Re2 22. Kb1 Qe6 23. Rd8 Qb6 24. Qxb6 axb6 25. Rd7 e6 26. a4
1-0

[Event "The Dragon for the experts"]
[Site "SchemingMind.com"]
[Date "2008.05.20"]
[Round "-"]
[White "the-best"]
[Black "Goran"]
[Result "0-1"]
[WhiteCountry "SWE"]
[BlackCountry "ITA"]
[WhiteElo "2000"]
[WhiteRD "90"]
[BlackElo "2546"]
[BlackRD "72"]
[GameID "155130"]

1. e4 c5 2. Nf3 d6 3. d4 cxd4 4. Nxd4 Nf6 5. Nc3 g6 6. Be3 Bg7 7. f3 Nc6 8. Qd2 O-O 9. O-O-O d5 10. exd5 Nxd5
11. Nxc6 bxc6 12. Bd4 Bxd4 13. Qxd4 Qc7 14. Bc4 e5 15. Qd2 Be6 16. Ne4 Rad8 17. Qh6 f6 18. h4 Qg7 19. Qd2 Kh8 20. Qf2 Bg8
21. Qc5 f5 22. Ng5 h6 23. h5 gxh5 24. Nh3 Rf6 25. Rd2 Rd7
0-1

[Event "The Dragon for the experts"]
[Site "SchemingMind.com"]
[Date "2008.06.06"]
[Round "-"]
[White "eraymond"]
[Black "Goran"]
[Result "1/2-1/2"]
[WhiteCountry "CAN"]
[BlackCountry "ITA"]
[WhiteElo "2292"]
[WhiteRD "88"]
[BlackElo "2579"]
[BlackRD "70"]
[GameID "157358"]

1. e4 c5 2. Nf3 d6 3. d4 cxd4 4. Nxd4 Nf6 5. Nc3 g6 6. Be3 Bg7 7. f3 Nc6 8. Qd2 O-O 9. O-O-O Bd7 10. g4 Rc8
11. h4 Ne5 12. h5 Qa5 13. Kb1 Nxf3 14. Nxf3 Rxc3 15. Qxc3 Qxc3 16. bxc3 Bxg4 17. Bg2 Nxe4 18. Rd3 Nxc3+ 19. Kb2 Nd1+ 20. Ka3 Nb2
21. h6 Bf6 22. Rb3 Nc4+ 23. Kb4 d5 24. Bxa7 Ra8 25. Bf2 Bd7 26. Nd4 Ra4+ 27. Kc3 e5 28. Rd1 Na5 29. Ne2 e4+ 30. Kd2 Bg5+
31. Ke1 Nxb3 32. axb3 Ra2 33. Nc3 Rxc2 34. Nxe4 Bg4 35. Nxg5 Bxd1 36. Bxd5 Re2+ 37. Kf1 Re5 38. Ne4 Rf5 39. Bxb7 Bxb3 40. Ke2 Bc2
41. Bd4 Bxe4 42. Bxe4 Rh5= 43. Bg7 Rh3=
1/2-1/2

[Event "The Dragon for the experts"]
[Site "SchemingMind.com"]
[Date "2008.06.02"]
[Round "-"]
[White "eraymond"]
[Black "the-best"]
[Result "1-0"]
[WhiteCountry "CAN"]
[BlackCountry "SWE"]
[WhiteElo "2304"]
[WhiteRD "87"]
[BlackElo "2000"]
[BlackRD "90"]
[GameID "157359"]

1. e4 c5 2. Nf3 d6 3. d4 cxd4 4. Nxd4 Nf6 5. Nc3 g6 6. Be3 Bg7 7. f3 Nc6 8. Qd2 O-O 9. O-O-O d5 10. exd5 Nxd5
11. Nxc6 bxc6 12. Nxd5 cxd5 13. Qxd5 Qc7 14. Qxa8 Bf5 15. Qxf8+ Kxf8 16. Rd2 h5 17. Be2 Bf6 18. Rhd1 Qe5 19. Bd4 Qxh2 20. Bxf6 exf6
21. Bb5 h4 22. Kb1 Kg7 23. a3 g5 24. Bc6 Qg3 25. Bd5 Qe5 26. Ka2 Qe3 27. c4 a5 28. a4 Kf8 29. b3
1-0

[Event "The Dragon for the experts"]
[Site "SchemingMind.com"]
[Date "2008.06.06"]
[Round "-"]
[White "Goran"]
[Black "eraymond"]
[Result "1-0"]
[WhiteCountry "ITA"]
[BlackCountry "CAN"]
[WhiteElo "2579"]
[WhiteRD "70"]
[BlackElo "2292"]
[BlackRD "88"]
[GameID "157360"]

1. e4 c5 2. Nf3 d6 3. d4 cxd4 4. Nxd4 Nf6 5. Nc3 g6 6. Be3 Bg7 7. f3 Nc6 8. Qd2 O-O 9. Bc4 Bd7 10. O-O-O Ne5
11. Bb3 a5 12. a4 Rc8 13. g4 Nc4 14. Bxc4 Rxc4 15. b3 Rc8 16. h4 h5 17. gxh5 Nxh5 18. Rhg1 Kh7 19. Kb1 Re8 20. Qd3 Rh8
21. Nd5 Bc6 22. f4 e6 23. Nxc6 bxc6 24. Nb6 Qf6 25. e5 dxe5 26. Nd7 Qf5 27. fxe5 Qxd3 28. Rxd3 Bf8 29. Nb6 Rb8 30. Nc4 Ra8
31. Rf1 Kg8 32. Bg5 Bb4 33. Rd7 Rh7 34. Rfd1 f5 35. exf6 Rxd7 36. Rxd7 Rf8 37. Rd3 Nxf6 38. c3 Be7 39. Nxa5 Rc8 40. Nc4 c5
41. Ne5 Kg7 42. c4 Bf8 43. Rf3 Ne4 44. Rf7+ Kg8 45. Rd7 Rb8 46. Kc2 Bd6 47. Nxg6 Nxg5 48. hxg5 Rb6 49. Ne7+ Bxe7 50. Rxe7
1-0

[Event "The Dragon for the experts"]
[Site "SchemingMind.com"]
[Date "2008.06.02"]
[Round "-"]
[White "the-best"]
[Black "eraymond"]
[Result "0-1"]
[WhiteCountry "SWE"]
[BlackCountry "CAN"]
[WhiteElo "2000"]
[WhiteRD "90"]
[BlackElo "2304"]
[BlackRD "87"]
[GameID "157361"]

1. e4 c5 2. Nf3 d6 3. d4 cxd4 4. Nxd4 Nf6 5. Nc3 g6 6. Be3 Bg7 7. f3 Nc6 8. Qd2 O-O 9. O-O-O Qa5 10. Kb1 Bd7
11. g4 Rac8 12. g5 Nh5 13. Nd5 Qxd2 14. Rxd2 Rce8 15. Nb5 f6 16. Bc4 Kh8 17. gxf6 Nxf6 18. Nxf6 Rxf6 19. f4 Bh3 20. Rg1 Ref8
21. Nc7 e5 22. f5 gxf5 23. Bg5 Rg6 24. Ne6 Rc8 25. Rd3 Bg4 26. Rxd6 Nd4
0-1

[Event "The Dragon for the experts"]
[Site "SchemingMind.com"]
[Date "2008.06.07"]
[Round "-"]
[White "kotofey"]
[Black "Goran"]
[Result "0-1"]
[WhiteCountry "LAT"]
[BlackCountry "ITA"]
[WhiteElo "2443"]
[WhiteRD "92"]
[BlackElo "2591"]
[BlackRD "84"]
[GameID "157553"]

1. e4 c5 2. Nf3 d6 3. d4 cxd4 4. Nxd4 Nf6 5. Nc3 g6 6. Be3 Bg7 7. f3 Nc6 8. Qd2 O-O 9. Bc4 Bd7 10. O-O-O Rc8
11. Bb3 Ne5 12. Kb1 Re8 13. h4 h5 14. Bh6 Nc4 15. Bxc4 Rxc4 16. Bxg7 Kxg7 17. g4 hxg4 18. h5 Rh8 19. h6+ Kh7 20. Qe3 Re8
21. Qd3 Rc5 22. Rdg1 Qa5 23. fxg4 Rxc3 24. bxc3 Nxg4 25. Qc4 Ne5 26. Qb4 b6 27. Qxa5 bxa5 28. Kc1 Bc8 29. Rg3 Bb7 30. Re1= Rc8
31. Nb3 a4 32. Nd4 Ba8 33. Rh3 Rb8 34. Ree3 Nc4 35. Re1 a6 36. Rd3 Na3 37. Kd2 Rb6 38. Rf3 Nc4+ 39. Kc1 Ne5 40. Rh3 a5
41. Ree3 Nc4 42. Re1 Rb8 43. Nf3 f6 44. Nd2 Ne5 45. c4 Nd7 46. Ree3 g5 47. Kd1 Bc6 48. a3 Ne5 49. Ke2 Rb2 50. Rc3 Nd7
51. Kd1 Nc5 52. Rce3 Be8 53. Rh2 Bf7 54. Kc1 Rb8 55. Kd1 Be6 56. Rc3 Rc8 57. Ke2 Bg4+ 58. Ke3 Rb8 59. Kd4 Bd7 60. Rg3 Ne6+
61. Kc3 Nf4 62. Rf3 Ng6 63. Rg3 Rb7 64. Re3 Rc7 65. Rg3 Rc5 66. Kd4 Bc6 67. Rg1 Re5 68. Rf1 Nf4 69. Ke3 f5 70. Kf2 Bxe4
71. Nxe4 Rxe4 72. Re1 Rxe1 73. Kxe1 g4 74. Kf2 Nh3+ 75. Kg3 Kxh6 76. c5 dxc5 77. Re2 Kg5 78. Re5 Nf4 79. Rxe7 Nh5+ 80. Kh2 Nf6
81. Re6 Ne4 82. Re5 Kf6 83. Re8 Nd6 84. Ra8 f4 85. Rxa5 f3 86. Rxa4 Kg5 87. Ra8 Nf5 88. Rg8+ Kf4 89. Kg1 g3 90. Rf8 f2+
91. Kf1 Ke4 92. a4 Ne3+ 93. Ke2 Ng4
0-1

[Event "The Dragon for the experts"]
[Site "SchemingMind.com"]
[Date "2008.06.07"]
[Round "-"]
[White "kotofey"]
[Black "eraymond"]
[Result "1/2-1/2"]
[WhiteCountry "LAT"]
[BlackCountry "CAN"]
[WhiteElo "2455"]
[WhiteRD "90"]
[BlackElo "2309"]
[BlackRD "89"]
[GameID "157554"]

1. e4 c5 2. Nf3 d6 3. d4 cxd4 4. Nxd4 Nf6 5. Nc3 g6 6. Be3 Bg7 7. f3 Nc6 8. Qd2 O-O 9. Bc4 Bd7 10. O-O-O Rc8
11. Bb3 Na5 12. Kb1 Nxb3 13. axb3 Re8 14. g4 a6 15. h4 h5 16. g5 Nh7 17. Nd5 Bc6 18. f4 Bxd5 19. exd5 e6 20. dxe6 fxe6
21. b4 Qc7 22. Rhe1 Qc4 23. Nb3 Nf8 24. Na5 Qc7 25. c3 d5 26. Qd3 b6 27. Nb3 a5 28. bxa5 bxa5 29. Nd4 Rb8 30. Re2 a4
31. Ka2 Rec8 32. Rc1 Qb7 33. Rcc2=
1/2-1/2

[Event "The Dragon for the experts"]
[Site "SchemingMind.com"]
[Date "2008.06.02"]
[Round "-"]
[White "kotofey"]
[Black "the-best"]
[Result "1-0"]
[WhiteCountry "LAT"]
[BlackCountry "SWE"]
[WhiteElo "2476"]
[WhiteRD "84"]
[BlackElo "2000"]
[BlackRD "90"]
[GameID "157555"]

1. e4 c5 2. Nf3 d6 3. d4 cxd4 4. Nxd4 Nf6 5. Nc3 g6 6. Be3 Bg7 7. f3 Nc6 8. Qd2 O-O 9. Bc4 Bd7 10. O-O-O Rc8
11. Bb3 Ne5 12. Kb1 Re8 13. h4 h5 14. Bh6 Nc4 15. Bxc4 Rxc4 16. Bxg7 Kxg7 17. Nd5 Nxd5 18. exd5 Qb6 19. b3 Kg8 20. g4 hxg4
21. h5 Rxd4 22. Qxd4 Qxd4 23. Rxd4 gxf3 24. Rf4 e6 25. hxg6 fxg6 26. Rxf3 exd5 27. Rf6 Bf5 28. Rxd6 Be4 29. Rc1 Kf7 30. Rd7+ Re7
31. Rf1+ Ke6 32. Rxe7+ Kxe7 33. Kc1
1-0

[Event "The Dragon for the experts"]
[Site "SchemingMind.com"]
[Date "2008.06.07"]
[Round "-"]
[White "Goran"]
[Black "kotofey"]
[Result "1-0"]
[WhiteCountry "ITA"]
[BlackCountry "LAT"]
[WhiteElo "2546"]
[WhiteRD "72"]
[BlackElo "2476"]
[BlackRD "84"]
[GameID "157556"]

1. e4 c5 2. Nf3 d6 3. d4 cxd4 4. Nxd4 Nf6 5. Nc3 g6 6. Be3 Bg7 7. f3 Nc6 8. Qd2 O-O 9. O-O-O d5 10. exd5 Nxd5
11. Nxc6 bxc6 12. Bd4 e5 13. Bc5 Be6 14. Ne4 Re8 15. h4 h6 16. h5 g5 17. c4 Nf6 18. Qxd8 Rexd8 19. Rxd8+ Rxd8 20. Be7 Nxe4
21. Bxd8 Ng3 22. Rg1 e4 23. fxe4 Bd4 24. Bc7 Bxg1 25. Bxg3 Bg4 26. b4 Kf8 27. Bb8 Bxh5 28. c5 Bg6 29. Bd3 Ke7 30. Bxa7 h5
31. a4 Kd7 32. a5 Kc7 33. Bb6+ Kb8 34. b5 cxb5 35. c6
1-0

[Event "The Dragon for the experts"]
[Site "SchemingMind.com"]
[Date "2008.06.03"]
[Round "-"]
[White "eraymond"]
[Black "kotofey"]
[Result "0-1"]
[WhiteCountry "CAN"]
[BlackCountry "LAT"]
[WhiteElo "2304"]
[WhiteRD "87"]
[BlackElo "2476"]
[BlackRD "84"]
[GameID "157557"]

1. e4 c5 2. Nf3 d6 3. d4 cxd4 4. Nxd4 Nf6 5. Nc3 g6 6. Be3 Bg7 7. f3 Nc6 8. Qd2 O-O 9. O-O-O d5 10. exd5 Nxd5
11. Nxc6 bxc6 12. Nxd5 cxd5 13. Qxd5 Qc7 14. Qxa8 Bf5 15. Qxf8+ Kxf8 16. Rd2 Qb8 17. b3 e6 18. Bc5+ Kg8 19. Be3 h5 20. Bc4 Qe5
21. Bd4 Qa5 22. Bxg7 Kxg7 23. Rhd1 Qxa2 24. Re2 a5 25. h3 a4 26. g4 Qa3+ 27. Kd2 Qb4+ 28. Kc1 Qc3 29. gxf5 a3 30. Rd3 Qb2+
31. Kd2 a2 32. Re1 exf5 33. Rd7 a1=Q 34. Rxa1 Qxa1 35. Rxf7+ Kh6 36. Rd7 Qh1 37. Rd4 Qxh3 38. Bd5 Qh2+ 39. Kd3 h4 40. b4 h3
41. f4 g5 42. b5 gxf4 43. b6 Qg3+ 44. Kc4 f3 45. Rd3 h2 46. b7 h1=Q
0-1

[Event "The Dragon for the experts"]
[Site "SchemingMind.com"]
[Date "2008.06.02"]
[Round "-"]
[White "the-best"]
[Black "kotofey"]
[Result "0-1"]
[WhiteCountry "SWE"]
[BlackCountry "LAT"]
[WhiteElo "2254"]
[WhiteRD "112"]
[BlackElo "2471"]
[BlackRD "97"]
[GameID "157558"]

1. e4 c5 2. Nf3 d6 3. d4 cxd4 4. Nxd4 Nf6 5. Nc3 g6 6. Be3 Bg7 7. f3 Nc6 8. Qd2 O-O 9. O-O-O d5 10. exd5 Nxd5
11. Nxc6 bxc6 12. Nxd5 cxd5 13. Qxd5 Qc7 14. Qc5 Qb7 15. Qa3 Rb8 16. b3 a5 17. Kb1 Qc6 18. Qc5 Qf6 19. Bd4 Rd8 20. Bxf6 Rxd1+
21. Kb2 Bxf6+ 22. Ka3= Be6 23. Qxa5 Rdd8 24. Qe1 Rdc8
0-1

[Event "The Dragon for the experts"]
[Site "SchemingMind.com"]
[Date "2008.06.21"]
[Round "-"]
[White "dhlala"]
[Black "Goran"]
[Result "1/2-1/2"]
[WhiteCountry "AUS"]
[BlackCountry "ITA"]
[WhiteElo "2257"]
[WhiteRD "84"]
[BlackElo "2546"]
[BlackRD "72"]
[GameID "159602"]

1. e4 c5 2. Nf3 d6 3. d4 cxd4 4. Nxd4 Nf6 5. Nc3 g6 6. Be3 Bg7 7. f3 Nc6 8. Qd2 O-O 9. Bc4 Bd7 10. O-O-O Rc8
11. Bb3 Ne5 12. h4 h5 13. Bg5 Rc5 14. Kb1 b5 15. g4 a5 16. gxh5 a4 17. h6 Bh8 18. h7+ Nxh7 19. Bd5 Bg7 20. a3 Nc4
21. Bxc4 Nxg5 22. Bd5 Nh3 23. h5 e6 24. h6 Be5 25. Bxe6 Bxe6 26. Nxe6 fxe6 27. Rxh3 Bxc3 28. bxc3 Qf6 29. Qxd6 Rxc3 30. Rg3 Kh7
31. Rdg1 Rxf3 32. Rxf3 Qxf3 33. Qxe6 Qf7 34. Qd5 Qxd5 35. exd5 Kxh6 36. d6 Rd8 37. Rd1 Kg7 38. Kb2 Kf6 39. Kc3 Ke5 40. d7 Ke6=
41. Rg1 Kf5 42. Kb4 Rxd7 43. Kxb5 Rb7+ 44. Kxa4 Ra7+ 45. Kb4=
1/2-1/2

[Event "The Dragon for the experts"]
[Site "SchemingMind.com"]
[Date "2008.06.17"]
[Round "-"]
[White "dhlala"]
[Black "kotofey"]
[Result "1/2-1/2"]
[WhiteCountry "AUS"]
[BlackCountry "LAT"]
[WhiteElo "2225"]
[WhiteRD "84"]
[BlackElo "2455"]
[BlackRD "90"]
[GameID "159603"]

1. e4 c5 2. Nf3 d6 3. d4 cxd4 4. Nxd4 Nf6 5. Nc3 g6 6. Be3 Bg7 7. f3 Nc6 8. Qd2 O-O 9. Bc4 Bd7 10. O-O-O Qa5
11. Bb3 Rfc8 12. h4 Ne5 13. Kb1 Nc4 14. Bxc4 Rxc4 15. Nb3 Qc7 16. g4 Rc8 17. e5 Ne8 18. Nd5 Qd8 19. exd6 Nxd6 20. c3 R4c6
21. Bg5 f6 22. Rhe1 e6 23. Bf4 Nc4 24. Ne7+ Qxe7 25. Qxd7 Qxd7 26. Rxd7 e5 27. Bg3 R6c7 28. Rxc7 Rxc7 29. f4 Rd7 30. fxe5 fxe5
31. Kc2 Kf7 32. Re4 Rc7 33. Nd4 Nd6 34. Bxe5 Rxc3+ 35. bxc3 Nxe4 36. Bxg7 Kxg7=
1/2-1/2

[Event "The Dragon for the experts"]
[Site "SchemingMind.com"]
[Date "2008.06.21"]
[Round "-"]
[White "dhlala"]
[Black "eraymond"]
[Result "1/2-1/2"]
[WhiteCountry "AUS"]
[BlackCountry "CAN"]
[WhiteElo "2233"]
[WhiteRD "85"]
[BlackElo "2253"]
[BlackRD "91"]
[GameID "159604"]

1. e4 c5 2. Nf3 d6 3. d4 cxd4 4. Nxd4 Nf6 5. Nc3 g6 6. Be3 Bg7 7. f3 Nc6 8. Qd2 O-O 9. O-O-O Qa5 10. Nb3 Qd8
11. g4 a5 12. g5 Nh5 13. Nd4 Nxd4 14. Bxd4 Be6 15. Bxg7 Nxg7 16. f4 f5 17. gxf6 Rxf6 18. Be2 Qf8 19. Rdf1 Qf7 20. e5 dxe5
21. fxe5 Rxf1+ 22. Rxf1 Nf5 23. Bf3 Rb8 24. a4 b6 25. Bd5 Bxd5 26. Nxd5 b5 27. axb5 Rxb5 28. c4 Rc5 29. Qc3 Qe6 30. Re1 Qc6
31. Re4 h6 32. Kc2 Qc8 33. h4 e6 34. Nf6+ Kf7 35. b3 h5 36. Rf4 Qc7 37. Re4 Rc6 38. Rf4 Qb6 39. Ne4 Ke7 40. c5 Qb5
41. Qd3 Rxc5+ 42. Nxc5 Qxc5+ 43. Kd2 Qxe5 44. Re4 Qc5 45. Qc4 Qd6+ 46. Qd3 Qc6 47. Qc4=
1/2-1/2

[Event "The Dragon for the experts"]
[Site "SchemingMind.com"]
[Date "2008.06.17"]
[Round "-"]
[White "dhlala"]
[Black "the-best"]
[Result "1-0"]
[WhiteCountry "AUS"]
[BlackCountry "SWE"]
[WhiteElo "2249"]
[WhiteRD "84"]
[BlackElo "2237"]
[BlackRD "108"]
[GameID "159605"]

1. e4 c5 2. Nf3 d6 3. d4 cxd4 4. Nxd4 Nf6 5. Nc3 g6 6. Be3 Bg7 7. f3 Nc6 8. Qd2 O-O 9. O-O-O d5 10. exd5 Nxd5
11. Nxc6 bxc6 12. Bd4 e5 13. Bc5 Be6 14. Ne4 Re8 15. h4 h6 16. g4 Qc7 17. g5 h5 18. Bc4 Red8 19. Qf2 a5 20. Rd3 a4
21. Rhd1 Qa5 22. Bb6 Nxb6 23. Rxd8+
1-0

[Event "The Dragon for the experts"]
[Site "SchemingMind.com"]
[Date "2008.06.21"]
[Round "-"]
[White "Goran"]
[Black "dhlala"]
[Result "1-0"]
[WhiteCountry "ITA"]
[BlackCountry "AUS"]
[WhiteElo "2510"]
[WhiteRD "73"]
[BlackElo "2233"]
[BlackRD "85"]
[GameID "159606"]

1. e4 c5 2. Nf3 d6 3. d4 cxd4 4. Nxd4 Nf6 5. Nc3 g6 6. Be3 Bg7 7. f3 Nc6 8. Qd2 O-O 9. O-O-O d5 10. exd5 Nxd5
11. Nxc6 bxc6 12. Nxd5 cxd5 13. Qxd5 Qc7 14. Qc5 Qb7 15. b3 Bf5 16. Bd3 Rac8 17. Qa5 Rc3 18. Bxf5 Rxe3 19. Be4 Qb8 20. g3 Re2
21. Rd7 a6 22. a3 e6 23. b4 Qc8 24. Qc7 Qxc7 25. Rxc7 Re3 26. Bd3 Rxf3 27. Rf1 Rxf1+ 28. Bxf1 Ra8 29. Rc6 a5 30. b5 Bd4
31. c4 Bg1 32. h3
1-0

[Event "The Dragon for the experts"]
[Site "SchemingMind.com"]
[Date "2008.06.17"]
[Round "-"]
[White "kotofey"]
[Black "dhlala"]
[Result "1-0"]
[WhiteCountry "LAT"]
[BlackCountry "AUS"]
[WhiteElo "2455"]
[WhiteRD "90"]
[BlackElo "2225"]
[BlackRD "84"]
[GameID "159607"]

1. e4 c5 2. Nf3 d6 3. d4 cxd4 4. Nxd4 Nf6 5. Nc3 g6 6. Be3 Bg7 7. f3 Nc6 8. Qd2 O-O 9. Bc4 Bd7 10. O-O-O Rc8
11. Bb3 Ne5 12. Kb1 Re8 13. h4 h5 14. Bh6 Nc4 15. Bxc4 Rxc4 16. Bxg7 Kxg7 17. Nd5 e5 18. Nxf6 Qxf6 19. Nb3 Re6 20. Qe3 b6
21. Nc1 Bb5 22. Ne2 Re8 23. Qa3 Ra4 24. Qb3 Bc6 25. Qd3 Rd8 26. b3 Ra5 27. Nc3 Bb7 28. b4 Ra6 29. Kb2 Qe6 30. a3 b5
31. Qxb5 Rb6 32. Qa4 Ra8 33. Rd2 Bc6 34. Qb3 a5 35. b5 Qe7 36. a4 Rd8 37. g4 Rh8 38. gxh5 Rxh5 39. Qa3 Bb7 40. Rhd1
1-0

[Event "The Dragon for the experts"]
[Site "SchemingMind.com"]
[Date "2008.06.21"]
[Round "-"]
[White "eraymond"]
[Black "dhlala"]
[Result "1/2-1/2"]
[WhiteCountry "CAN"]
[BlackCountry "AUS"]
[WhiteElo "2214"]
[WhiteRD "93"]
[BlackElo "2230"]
[BlackRD "81"]
[GameID "159608"]

1. e4 c5 2. Nf3 d6 3. d4 cxd4 4. Nxd4 Nf6 5. Nc3 g6 6. Be3 Bg7 7. f3 Nc6 8. Qd2 O-O 9. O-O-O d5 10. exd5 Nxd5
11. Nxc6 bxc6 12. Nxd5 cxd5 13. Qxd5 Qc7 14. Qxa8 Bf5 15. Qxf8+ Kxf8 16. Rd2 h5 17. Be2 Bf6 18. Rhd1 Qxh2 19. Bc4 Qh4 20. Bd3 Bxb2+
21. Kxb2 Qb4+ 22. Ka1 Qc3+=
1/2-1/2

[Event "The Dragon for the experts"]
[Site "SchemingMind.com"]
[Date "2008.06.18"]
[Round "-"]
[White "the-best"]
[Black "dhlala"]
[Result "0-1"]
[WhiteCountry "SWE"]
[BlackCountry "AUS"]
[WhiteElo "2000"]
[WhiteRD "90"]
[BlackElo "2257"]
[BlackRD "84"]
[GameID "159609"]

1. e4 c5 2. Nf3 d6 3. d4 cxd4 4. Nxd4 Nf6 5. Nc3 g6 6. Be3 Bg7 7. f3 Nc6 8. Qd2 O-O 9. O-O-O d5 10. exd5 Nxd5
11. Nxc6 bxc6 12. Bd4 e5 13. Bc5 Re8 14. Ne4 Be6 15. h4 h6 16. h5 g5 17. g4 Qc7 18. Bc4 Nf4 19. Bxe6 Nxe6 20. Qd7 Qa5
21. Nd6 Rf8 22. Ba3 Nd4 23. Nc4 Qd8 24. Qxd8 Rfxd8 25. Rhf1 e4 26. fxe4 Ne2+ 27. Kb1 Ng3 28. Rxd8+ Rxd8 29. Re1 Nxe4 30. Na5 Re8
31. Kc1 Be5 32. c3 Nf2
0-1

[Event "The Dragon for the experts"]
[Site "SchemingMind.com"]
[Date "2008.06.21"]
[Round "-"]
[White "Apocalypse"]
[Black "Goran"]
[Result "0-1"]
[WhiteCountry "USA"]
[BlackCountry "ITA"]
[WhiteElo "2350"]
[WhiteRD "73"]
[BlackElo "2579"]
[BlackRD "70"]
[GameID "159646"]

1. e4 c5 2. Nf3 d6 3. d4 cxd4 4. Nxd4 Nf6 5. Nc3 g6 6. Be3 Bg7 7. f3 Nc6 8. Qd2 O-O 9. g4 Be6 10. Nxe6 fxe6
11. O-O-O Ne5 12. Be2 Qc8 13. Bd4 Nc6 14. Bg1 Nd7 15. Rf1 Na5 16. Bd4 Nc4 17. Bxc4 Qxc4 18. Bxg7 Kxg7 19. g5 Rac8 20. h4 b5
21. Kb1 Ne5 22. f4 Nc6 23. h5 b4 24. Ne2 Qxe4 25. Rh4 Kf7 26. hxg6+ hxg6 27. Rfh1 Ke8 28. f5= Qxf5 29. Rf4 Qe5 30. Rxf8+ Kxf8
31. Nf4 Ke8 32. Nxg6 Qf5 33. Nh4 Qe4 34. Ng2 Kd7 35. Rg1 e5 36. Re1 Qg4 37. Ne3 Qxg5 38. Qd3 Qg3 39. Qd1 Nd4 40. Qc1 Qf4
41. Rf1 Qe4 42. Qd2 Rh8 43. Nc4 Rh1 44. Rxh1 Qxh1+
0-1

[Event "The Dragon for the experts"]
[Site "SchemingMind.com"]
[Date "2008.06.21"]
[Round "-"]
[White "Apocalypse"]
[Black "kotofey"]
[Result "1/2-1/2"]
[WhiteCountry "USA"]
[BlackCountry "LAT"]
[WhiteElo "2350"]
[WhiteRD "73"]
[BlackElo "2462"]
[BlackRD "83"]
[GameID "159647"]

1. e4 c5 2. Nf3 d6 3. d4 cxd4 4. Nxd4 Nf6 5. Nc3 g6 6. Be3 Bg7 7. f3 Nc6 8. Qd2 O-O 9. g4 Be6 10. O-O-O Nxd4
11. Bxd4 Qa5 12. Kb1 Rfc8 13. a3 Rab8 14. g5 Nh5 15. Nd5 Qxd2 16. Rxd2 Bxd5 17. exd5 Bxd4 18. Rxd4 h6 19. f4 hxg5 20. fxg5 f6
21. Bd3 Kf7 22. h4 f5 23. a4 b6= 24. Rh3 Rc5 25. Re3 Ng7 26. c3 Rd8 27. Bc4 Rdc8 28. b3 Nh5 29. Kc2 Rd8 30. Kd1 Rdc8
31. Ke2 Ng7 32. Ke1 Nh5 33. Kf2 R8c7 34. Ke2 Rc8 35. Ba6 Rd8 36. Kf3 Ng7 37. Rd1=
1/2-1/2

[Event "The Dragon for the experts"]
[Site "SchemingMind.com"]
[Date "2008.06.21"]
[Round "-"]
[White "Apocalypse"]
[Black "dhlala"]
[Result "1/2-1/2"]
[WhiteCountry "USA"]
[BlackCountry "AUS"]
[WhiteElo "2360"]
[WhiteRD "73"]
[BlackElo "2257"]
[BlackRD "84"]
[GameID "159648"]

1. e4 c5 2. Nf3 d6 3. d4 cxd4 4. Nxd4 Nf6 5. Nc3 g6 6. Be3 Bg7 7. f3 Nc6 8. Qd2 O-O 9. g4 Be6 10. O-O-O Nxd4
11. Bxd4 Qa5 12. Kb1 Rfc8 13. a3 Rab8 14. Ne2 Qxd2 15. Rxd2 a6 16. Ba7 Ra8 17. Be3 Bc4 18. g5 Nd7 19. h4 Ne5 20. Bg2 a5
21. f4 Ng4 22. Bg1 h5 23. gxh6 Bxh6 24. h5 g5 25. Nd4 gxf4 26. Bh3 f3 27. Rd1 Nf6 28. Bxc8 Rxc8 29. Nf5 Kh7 30. Nxh6 Kxh6
31. Rh4 Kg5 32. Bf2 Be6 33. h6 Rh8 34. Rh2 Nxe4 35. Be3+ Kf5 36. Rf1 f2 37. Rfh1 Bd5 38. Rd1 Ke6 39. Bxf2 Nxf2 40. Rxf2 f5
41. Rh2 Rh7 42. Kc1 Be4 43. b3= b5 44. Kd2 Kf6 45. c4=
1/2-1/2

[Event "The Dragon for the experts"]
[Site "SchemingMind.com"]
[Date "2008.06.21"]
[Round "-"]
[White "Apocalypse"]
[Black "eraymond"]
[Result "1-0"]
[WhiteCountry "USA"]
[BlackCountry "CAN"]
[WhiteElo "2350"]
[WhiteRD "73"]
[BlackElo "2292"]
[BlackRD "88"]
[GameID "159649"]

1. e4 c5 2. Nf3 d6 3. d4 cxd4 4. Nxd4 Nf6 5. Nc3 g6 6. Be3 Bg7 7. f3 Nc6 8. Qd2 O-O 9. g4 Nd7 10. h4 Nde5
11. Be2 Na5 12. b3 Nac6 13. O-O-O Bd7 14. Kb1 Qa5 15. g5 f5 16. gxf6 Bxf6 17. h5 g5 18. Rhg1 h6 19. f4 Nf7 20. Nxc6 bxc6
21. e5 Bg7 22. fxg5 Bxe5 23. gxh6+ Kh8 24. Bd4 Bxd4 25. Qxd4+ Qe5 26. Qd2 Bf5 27. Rg7 Qf6 28. Bd3 Bxd3 29. Qxd3 Qxh6 30. Rg6 Qh7
31. Qe3 Rae8 32. Rdg1 Rg8 33. R1g3
1-0

[Event "The Dragon for the experts"]
[Site "SchemingMind.com"]
[Date "2008.06.21"]
[Round "-"]
[White "Apocalypse"]
[Black "the-best"]
[Result "1-0"]
[WhiteCountry "USA"]
[BlackCountry "SWE"]
[WhiteElo "2361"]
[WhiteRD "77"]
[BlackElo "1960"]
[BlackRD "92"]
[GameID "159650"]

1. e4 c5 2. Nf3 d6 3. d4 cxd4 4. Nxd4 Nf6 5. Nc3 g6 6. Be3 Bg7 7. f3 Nc6 8. Qd2 O-O 9. g4 Be6 10. O-O-O Nxd4
11. Bxd4 Qa5 12. b3 Nd7 13. Bxg7 Kxg7 14. Be2 h6= 15. h4 Ne5 16. g5 h5 17. Kb2 Rac8 18. Rhf1 Rc5 19. Nd5 Qxd2 20. Rxd2 Bxd5
21. exd5 f6 22. f4 Ng4 23. Rf3 Rc7 24. Rd4 Rfc8 25. c3 fxg5 26. hxg5 Rf8= 27. Re4 Rf5 28. c4 b5 29. Rf1 bxc4 30. bxc4 Rb7+
31. Kc3
1-0

[Event "The Dragon for the experts"]
[Site "SchemingMind.com"]
[Date "2008.06.21"]
[Round "-"]
[White "Goran"]
[Black "Apocalypse"]
[Result "1-0"]
[WhiteCountry "ITA"]
[BlackCountry "USA"]
[WhiteElo "2546"]
[WhiteRD "72"]
[BlackElo "2360"]
[BlackRD "73"]
[GameID "159651"]

1. e4 c5 2. Nf3 d6 3. d4 cxd4 4. Nxd4 Nf6 5. Nc3 g6 6. Be3 Bg7 7. f3 Nc6 8. Qd2 O-O 9. O-O-O Be6 10. g4 Nxd4
11. Bxd4 Qa5 12. Kb1 Rfd8 13. h4 b5 14. Bxb5 Rab8 15. Ba4 Rb4 16. Bb3 Rxd4 17. Qxd4 Nd5 18. Nxd5 Bxd4 19. Nxe7+ Kf8 20. Nc6 Qc7
21. Nxd4 Bxb3 22. axb3 d5 23. e5 Ra8 24. e6 Re8 25. h5 g5 26. Rhe1 Qf4 27. c3 Qf6 28. exf7 Re7 29. Kc2
1-0

[Event "The Dragon for the experts"]
[Site "SchemingMind.com"]
[Date "2008.06.21"]
[Round "-"]
[White "kotofey"]
[Black "Apocalypse"]
[Result "1-0"]
[WhiteCountry "LAT"]
[BlackCountry "USA"]
[WhiteElo "2476"]
[WhiteRD "84"]
[BlackElo "2360"]
[BlackRD "73"]
[GameID "159652"]

1. e4 c5 2. Nf3 d6 3. d4 cxd4 4. Nxd4 Nf6 5. Nc3 g6 6. Be3 Bg7 7. f3 Nc6 8. Qd2 O-O 9. Bc4 Bd7 10. O-O-O Rc8
11. Bb3 Ne5 12. Kb1 Re8 13. h4 h5 14. Bh6 Bh8 15. g4 Nc4 16. Qe2 Na5 17. gxh5 Nxb3 18. axb3 Nxh5 19. Rhg1 e6 20. Ndb5 Bxb5
21. Nxb5 Rc6 22. Bg5 Qd7 23. Nxa7 Rc7 24. c4 Ra8 25. Qf2 Bg7 26. Rd3
1-0